00516nam a2200193 a 4500001001300000003000900013005001700022008004100039020000900080082001800089100002800107245004100135260003800176300001000214500003500224505001200259650002300271700002800294nice12345678IN_TiNIC20260116013719.0050524s1996 alia grp 000 0 urd  ac6000a297.0958bTAH aTahan Mustafa, Muhammad aVast-E-Asia Mein Islam Ka Mustaqbil. aAligarhbHilal Publicationsc1996 a202p. aincludes index and biblioraphy2 aIndexes aIslam-Central Asia1 aTahan Mustafa, Muhammad